Εισαγωγή στη νομική σκέψη

Saved in:
Bibliographic Details
Main Author: Engisch, Karl, 1899-1990
Other Authors: Σπινέλλης, Διονύσιος Δ. (Translator)
Format: Book
Language:Greek
German
Published: Αθήνα : Μορφωτικό Ίδρυμα Εθνικής Τραπέζης, 1999, 1981.
Edition:3η έκδ.
Subjects:
Tags: Add Tag
No Tags, Be the first to tag this record!

MARC

LEADER 00000cam a2200000 i 4500
001 1/45767
008 070608s19991981gr | ||| |||| ||gre||
020 |a 960250167- 
035 |l 10088204 
040 |a GR-MyUA  |b gre  |e AACR2 
041 1 |a gre  |h ger 
082 0 |a 340.1  |2 (22) 
100 1 |a Engisch, Karl,   |d 1899-1990. 
245 1 0 |a Εισαγωγή στη νομική σκέψη /   |c Karl Engisch ; μετάφραση Διονυσίου Δ. Σπινέλλη.  
250 |a 3η έκδ.  
260 |a Αθήνα :   |b Μορφωτικό Ίδρυμα Εθνικής Τραπέζης,   |c 1999, 1981.  
300 |a 359 σ. ;   |c 22 εκ.  
500 |a Μετάφραση από τα γερμανικά 
500 |a Τίτλος πρωτοτύπου: Einfuhrung in das juristische Denken.  
504 |a Περιέχει σημειώσεις και ευρετήριο.  
650 0 0 |a Jurisprudence. 
650 0 0 |a Law  |z Germany (West)  |x Interpretation and construction. 
650 0 0 |a Law  |x Methodology. 
700 1 |a Σπινέλλης, Διονύσιος Δ.  |e trl 
852 |a INST  |b LESVOS  |e 20070608  |h 340.1 ENG  |p 005100038104  |q 005100038104  |t BK  |y 0 
901 |a BIBL1-2007-2 
909 |a Λ  |b 135161 
922 |a 1ΕΛΗ  |b 200705  |c ΕΠΕΑΕΚ2/ΤΚΑ  |d Σ. ΠΑΤΑΚΗΣ 
970 |a ΚΑΡΑ  |b ΓΙΑΣΕΜΗ  |z 2007/06/08